Fundamentals of financial accounting: (Record no. 16837)
[ view plain ]
| 000 -LEADER | |
|---|---|
| fixed length control field | 00612nam a22002177a 4500 |
| 003 - CONTROL NUMBER IDENTIFIER | |
| control field | OSt |
| 005 - DATE AND TIME OF LATEST TRANSACTION | |
| control field | 20180507164936.0 |
| 008 - FIXED-LENGTH DATA ELEMENTS--GENERAL INFORMATION | |
| fixed length control field | 180507b xxu||||| |||| 00| 0 eng d |
| 020 ## - INTERNATIONAL STANDARD BOOK NUMBER | |
| International Standard Book Number | 9780071315241 |
| 040 ## - CATALOGING SOURCE | |
| Transcribing agency | KABU |
| 050 ## - LIBRARY OF CONGRESS CALL NUMBER | |
| Classification number | HF 5636 |
| Item number | .P45 2013 C.1 |
| 100 ## - MAIN ENTRY--PERSONAL NAME | |
| Personal name | Phillips, Fred |
| 245 ## - TITLE STATEMENT | |
| Title | Fundamentals of financial accounting: |
| Statement of responsibility, etc. | Fred Phillips, Robert Libby and Patricia A. Libby |
| 250 ## - EDITION STATEMENT | |
| Edition statement | 4th ed. |
| 260 ## - PUBLICATION, DISTRIBUTION, ETC. (IMPRINT) | |
| Place of publication, distribution, etc. | United State: |
| Name of publisher, distributor, etc. | McGraw - Hill Irwin; |
| Date of publication, distribution, etc. | 2013. |
| 300 ## - PHYSICAL DESCRIPTION | |
| Extent | xxxvii, 648p |
| 650 ## - SUBJECT ADDED ENTRY--TOPICAL TERM | |
| Topical term or geographic name as entry element | Accounting |
| 700 ## - ADDED ENTRY--PERSONAL NAME | |
| Personal name | Libby, Robert. |
| 700 ## - ADDED ENTRY--PERSONAL NAME | |
| Personal name | Libby, A. Patricia |
| 942 ## - ADDED ENTRY ELEMENTS (KOHA) | |
| Source of classification or shelving scheme | Library of Congress Classification |
| Koha item type | General Collection |
| Withdrawn status | Lost status | Source of classification or shelving scheme | Not for loan | Home library | Current library | Date acquired | Cost, normal purchase price | Inventory number | Total Checkouts | Full call number | Barcode | Date last seen | Copy number | Price effective from | Koha item type |
|---|---|---|---|---|---|---|---|---|---|---|---|---|---|---|---|
| Library of Congress Classification | Kabarak, Main Campus | Kabarak, Main Campus | 07/05/2018 | 4995.00 | 2018/0864 | HF 5636 .P45 2013 C.1 | 024660 | 07/05/2018 | C.1 | 07/05/2018 | General Collection |